000 00711nam a2200205Ia 4500
003 GCL
005 20240530104344.0
008 140319s9999 xx 000 0 ara d
040 _aGCL /
_cGCL
082 0 4 _a953.0711
_bا ع
100 1 _aاحسان عباس
245 1 0 _aالعرب فى صقلية:
_bدراسة فى التاريخ والادب /
_cاحسان عباس
260 _aالقاهرة :
_bدار المعارف ،
_c1959
300 _a331 ص؛
_c24 سم
490 _aمكتبة الدراسات التاريخية والعلاقات الدولية
_v0
650 0 4 _aالاندلس
650 0 4 _aالتاريخ الاسلامى
650 0 4 _aالعرب فى اسبانيا
942 _2ddc
_cBK
999 _c46765
_d46765